Das Einfache Leben /

Kaydedildi:
Detaylı Bibliyografya
Yazar: Wiechert, Ernst (autor)
Materyal Türü: Kitap
Dil:German
Baskı/Yayın Bilgisi: Munich, Alemania : Kurt Desch, 1953, c1946
Etiketler: Etiketle
Etiket eklenmemiş, İlk siz ekleyin!

MARC

LEADER 00000nam^a2200000^a^4500
001 000584547
005 20250526000000.0
009 20260310132712.717
037 |a Acervo ITESO - Biblioteca 
041 |a ALE 
091 |a FCO. 00922 
100 |a Wiechert, Ernst  |e (autor) 
245 1 4 |a Das Einfache Leben / 
264 4 |a Munich, Alemania :  |b Kurt Desch,  |c 1953, c1946 
300 |a 332 p. ;  |c 18.5 cm. 
336 |a texto  |b txt  |2 rdacontenido 
337 |a sin mediación  |b n  |2 rdamedio 
338 |a volumen  |b nc  |2 rdasoporte 
649 |a XX 
910 |a Fondo Erich Coufal Kieswetter 
920 |a Impresos - Libros 
930 |a Libros Antiguos y Raros 
940 |a Literatura 
905 |a 142 
901 |a 0500412628  |b IT2  |c LRA  |i D  |u 20250526 
902 |a https://opac.biblio.iteso.mx/vufind/Record/000584547